00412nam a2200181Ia 4500003000900000008004100009040001300050040001300063041000800076100002100084245005700105250001900162260001300181260000900194300001100203300001000214490000600224IT-RoPAU120407s9999 xx 000 0 und d aIT-RoPAU cIT-RoPAU aita aMariano Magrassi aQuando vedrò€ il tuo volto? Pregare i salmi. 2a ed. aPutignano (BA) aLa Scala c1982 a198 p. c20 cm v1